Kylian Mbappé /
Životní příběh slavného fotbalisty z Paříže, který dokázal jít vytrvale za svým snem.
Uloženo v:
| Série: | Hvězdy fotbalového hřiště,
část |
|---|---|
| Hlavní autor: | |
| Další autoři: | |
| Médium: | E-kniha |
| Jazyk: | Czech |
| Vydáno: |
V Praze :
Fragment,
2022
|
| Vydání: | 1. vydání |
| Edice: | Hvězdy fotbalového hřiště
|
| Témata: | |
| Příbuzné jednotky: | Z cyklu::
Hvězdy fotbalového hřiště |
| Tagy: |
Žádné tagy |
| LEADER | 03404cam a2200745 i 4500 | ||
|---|---|---|---|
| 001 | 311578 | ||
| 003 | CZ PrSKC | ||
| 005 | 20260601215708.0 | ||
| 007 | ta | ||
| 008 | 220531s2022 xr b 000 jbcze | ||
| 015 | |a cnb003424361 | ||
| 020 | |a 9788025358412 |q (brožováno) : |c Kč 199,00 | ||
| 035 | |a (OCoLC)1335742384 | ||
| 040 | |a ABG001 |b cze |d ABA001 |e rda | ||
| 041 | 1 | |a cze |h eng | |
| 043 | |a e-fr--- | ||
| 045 | |a y0y1 | ||
| 072 | 7 | |a 821.111-3 |x Anglická próza, anglicky psaná |2 Konspekt | |
| 072 | 7 | |a 821-93 |x Literatura pro děti a mládež (beletrie) |2 Konspekt | |
| 080 | |a 821.111-32 |2 MRF | ||
| 080 | |a 821-93 |2 MRF | ||
| 080 | |a 796.332.071.2 |2 MRF | ||
| 080 | |a 796.332 |2 MRF | ||
| 080 | |a 929 |2 MRF | ||
| 080 | |a (44) |2 MRF | ||
| 080 | |a (0:82-322.6) |2 MRF | ||
| 100 | 1 | |a Coninx, Harry |7 jo20211127457 |4 aut | |
| 240 | 1 | 0 | |a Mbappé. |l Česky |
| 245 | 1 | 0 | |a Kylian Mbappé / |c Harry Coninx ; z anglického originálu Tales from the pitch - Mbappé ... přeložil Petr Jiříček |
| 246 | 1 | |i Název v tiráži: |a Hvězdy fotbalového hřiště - Mbappé | |
| 246 | 1 | 4 | |a Mbappé |
| 250 | |a 1. vydání | ||
| 264 | 1 | |a V Praze : |b Fragment, |c 2022 | |
| 300 | |a 125 stran ; |c 20 cm | ||
| 336 | |a text |b txt |2 rdacontent | ||
| 337 | |a bez média |b n |2 rdamedia | ||
| 338 | |a svazek |b nc |2 rdacarrier | ||
| 490 | 1 | |a Hvězdy fotbalového hřiště | |
| 500 | |a V roce 2023 dotisk | ||
| 520 | 2 | |a Životní příběh slavného fotbalisty z Paříže, který dokázal jít vytrvale za svým snem. |b Kylian Mbappé patřil už jako juniorský hráč k nejlepším fotbalistům planety. A i nyní se stále zlepšuje. Kylianova vyspělá míčová technika, rychlost a schopnost proměňovat brankové příležitosti vystřelily kluby, ve kterých působil, k neuvěřitelným vítězstvím a jemu samotnému přinesly několik zápisů do fotbalové knihy rekordů. Nakladatelská anotace. Kráceno. | |
| 521 | 8 | |a Pro čtenáře od 7 let | |
| 546 | |a Český text | ||
| 600 | 1 | 7 | |a Mbappé, Kylian, |d 1998- |7 xx0247317 |2 czenas |
| 648 | 7 | |a 21. století |7 ch460559 |2 czenas | |
| 648 | 4 | |a 2006-2019 | |
| 650 | 0 | 7 | |a fotbalisté |7 ph114579 |z Francie |y 21. století |2 czenas |
| 650 | 0 | 7 | |a fotbal |7 ph114578 |y 21. století |2 czenas |
| 650 | 0 | 9 | |a soccer players |z France |y 21st century |2 eczenas |
| 650 | 0 | 9 | |a soccer |y 21st century |2 eczenas |
| 655 | 7 | |a anglické příběhy |7 fd131813 |2 czenas | |
| 655 | 7 | |a biografické příběhy |7 fd131953 |2 czenas | |
| 655 | 7 | |a publikace pro děti |7 fd133156 |2 czenas | |
| 655 | 9 | |a English stories |2 eczenas | |
| 655 | 9 | |a biographical stories |2 eczenas | |
| 655 | 9 | |a children's literature |2 eczenas | |
| 700 | 1 | |a Jiříček, Petr |7 ola20191036003 |4 trl | |
| 765 | 1 | |t Tales from the pitch | |
| 787 | 0 | 8 | |i Z cyklu: |t Hvězdy fotbalového hřiště |
| 830 | 0 | |a Hvězdy fotbalového hřiště | |
| 900 | |a ABA001 |b 21 | ||
| 928 | 9 | |a Albatros Media - Fragment | |
| 044 | |a xr | ||
| 910 | |a RBIT002 | ||
| 998 | |d 353005 |a https://core.palmknihy.cz/api/books/353005/cover?si68r5 |b https://core.palmknihy.cz/api/books/353005/cover/400?si68r5 |c https://core.palmknihy.cz/api/books/353005/cover/50?si68r5 |e 2026-11-03 |g 128 |i 9788025358412 |j https://core.palmknihy.cz/api/books/353005/preview.epub |k https://core.palmknihy.cz/api/books/353005/preview.pdf |l |q 49 |r 1 |s https://www.palmknihy.cz/kniha/353005 |t ebook |y 2022 |z 0 |v Hvězdy fotbalového hřiště |w 0 | ||
| 999 | |d 311576 | ||